Les villes et villages fleuris de Normandie - Statistiques

Statistiques générales
  • Ce quiz a été pris 35 fois
  • Le résultat moyen est 10 sur 15
Statistiques - réponses
Département Habitants Indice Réponse % Correct
14 4790 P*NT-L'*V*Q** Pont-l'Evêque
100%
14 108404 *AE* Caen
93%
27 46349 E**EU* Evreux
90%
76 4614 M*NTV*LL* Montville
87%
61 2732 B*GN*L*S-D*-L'*RN* Bagnoles-de-l'Orne
80%
27 10001 P*NT-**D*M*R Pont-Audemer
80%
76 1365 L*S H**TS-D*-C**X Les Hauts-de-Caux
70%
50 78549 **E**OU**-E*-*O*E**IN Cherbourg-en-Cotentin
67%
76 10210 P*RT-J*R*M*-S*R-S**N* Port-Jérôme-sur-Seine
67%
76 6612 ** Eu
63%
14 6733 *O***EU* Honfleur
43%
27 750 L**NS-L*-F*R*T Lyons-la-Forêt
43%
14 3563 *A*OU** Cabourg
27%
76 981 M*SN**R*S-EN-BR** Mesnières-en-Bray
27%
61 568 S**NT-FR**MB**LT Saint-Fraimbault
13%
Aucun quiz correspondant
Distribution des résultats
% des personnes avec chaque résultat
Percentile par nombre de réponses
Votre historique - résultats
Vous n’avez pas pris ce quiz